000
00264nam a22001097a 4500
008
160613b xxu||||| |||| 00| 0 eng d
020
_a
0023564806
041
_a
eng
080
_a
618.2
245
_a
Maternity nursing:
_c
Janice Holmes; Lana Magiera;
942
_2
udc
_c
BK
999
_c
2466
_d
2466